Principles & scopes of tourism / (Record no. 276928)
[ view plain ]
| 000 -LEADER | |
|---|---|
| fixed length control field | 01353nam a2200205 a 4500 |
| 001 - CONTROL NUMBER | |
| control field | SSB060208 |
| 003 - CONTROL NUMBER IDENTIFIER | |
| control field | PILC |
| 005 - DATE AND TIME OF LATEST TRANSACTION | |
| control field | 20160321140118.0 |
| 008 - FIXED-LENGTH DATA ELEMENTS--GENERAL INFORMATION | |
| fixed length control field | |
| 020 ## - INTERNATIONAL STANDARD BOOK NUMBER | |
| International Standard Book Number | 9789719905301 |
| 050 ## - LIBRARY OF CONGRESS CALL NUMBER | |
| Classification number | G 155.A1 |
| Item number | .L628p 2012 |
| 100 ## - MAIN ENTRY--PERSONAL NAME | |
| Personal name | Lim, Romeo D. |
| 245 #0 - TITLE STATEMENT | |
| Title | Principles & scopes of tourism / |
| Statement of responsibility, etc | Romeo D. Lim. |
| 260 ## - PUBLICATION, DISTRIBUTION, ETC. (IMPRINT) | |
| Place of publication, distribution, etc | Manila : |
| Name of publisher, distributor, etc | Mindshapers, |
| Date of publication, distribution, etc | 2012. |
| 300 ## - PHYSICAL DESCRIPTION | |
| Extent | vi, 328 pages : |
| Other physical details | illustration ; |
| Dimensions | 26 cm. |
| 500 ## - GENERAL NOTE | |
| General note | Includes bibliographical references. |
| 505 ## - FORMATTED CONTENTS NOTE | |
| Miscellaneous information | Definition of Tourism, Toursm chain, and history of tourism -- |
| Title | Toursim and tourist typology, traits & characteristic and ways to enjoy tourism -- |
| -- | Understanding motivation in tourism -- |
| -- | The components sector of the travel and tourism industry -- |
| -- | Benefits and impacts of tourism -- |
| -- | Tourism organization -- |
| -- | Tourism : socio and cultural problems -- |
| -- | Sustainable tourism -- |
| -- | Tourism marketing -- |
| -- | Rural tourism -- |
| -- | Urban tourism -- |
| -- | Security and safety in tourism -- |
| -- | Career in tourism -- |
| -- | Philippine festivals -- |
| -- | Tourism beyond and Touism issues -- |
| -- | The new wonders of nature -- |
| -- | Philippines Clean Water Acts - RA 9275 -- |
| -- | Declaration on Tourism Safety and Security By The ASEAN Tourism Ministers -- |
| -- | Rules and Regulations to Govern the Accreditation / Farm Site in the Philippines. |
| 650 ## - SUBJECT ADDED ENTRY--TOPICAL TERM | |
| Topical term or geographic name as entry element | Tourism. |
| 942 ## - ADDED ENTRY ELEMENTS (KOHA) | |
| Source of classification or shelving scheme | Library of Congress Classification |
| Koha item type | Books |
| Call number prefix | Filipininana |
| Withdrawn status | Lost status | Source of classification or shelving scheme | Damaged status | Home library | Current library | Shelving location | Date acquired | Source of acquisition | Sub Shelving location | Total Checkouts | Total Renewals | Full call number | Barcode | Date last seen | Date checked out | Price effective from | Koha item type |
|---|---|---|---|---|---|---|---|---|---|---|---|---|---|---|---|---|---|
| Library of Congress Classification | College Library | College Library | Reserve Section | 12/11/2014 | Library Fund | 2 | 14 | G 155.A1 .L628p 2012 | C19006 | 05/15/2018 | 06/27/2017 | 12/11/2014 | Books |